Vista normal
Vista MARC
Entrada Personal Name
Número de registros utilizados en: 1
001 - CONTROL NUMBER
- control field: 11781
003 - CONTROL NUMBER IDENTIFIER
- control field: DLC
005 - DATE AND TIME OF LATEST TRANSACTION
- control field: 20211111093110.0
008 - FIXED-LENGTH DATA ELEMENTS
- fixed length control field: 030708n| azannaabn |a aaa c
010 ## - LIBRARY OF CONGRESS CONTROL NUMBER
- LC control number: no2003067435
035 ## - SYSTEM CONTROL NUMBER
- System control number: (OCoLC)oca06094612
040 ## - CATALOGING SOURCE
- Original cataloging agency: MX-SlUA
- Language of cataloging: spa
- Description conventions: rda
- Transcribing agency: Mx-PuUPA
- Modifying agency: MX-SlUA
- Modifying agency: OCoLC
- Modifying agency: DLC
- Modifying agency: Mx-PuUPA
100 1# - HEADING--PERSONAL NAME
- Personal name: Madrigal Torres, Berta Ermila,
370 ## - ASSOCIATED PLACE
- Other associated place: Zapopan (Mexico)
372 ## - FIELD OF ACTIVITY
- Field of activity: Administración
- Source of term: lcsh
373 ## - ASSOCIATED GROUP
- Associated group: Universidad de Guadalajara. Centro Universitario de Ciencias Económico Administrativas
- Source of term: naf
374 ## - OCCUPATION
- Occupation: Autor
- Occupation: Científica social
- Source of term: lcsh
375 ## - GENDER
- Gender: mujer
377 ## - ASSOCIATED LANGUAGE
- Language code: spa
400 1# - SEE FROM TRACING--PERSONAL NAME
- Personal name: Torres, Berta Ermila Madrigal
400 1# - SEE FROM TRACING--PERSONAL NAME
- Personal name: Madrigal, Berta
- Fuller form of name: (Berta Ermila Madrigal Torres)
670 ## - SOURCE DATA FOUND
- Source citation: Habilidades directivas, c2002:
- Information found: t.p. (Berta Ermila Madrigal Torres)
670 ## - SOURCE DATA FOUND
- Source citation: Negocios y relaciones en un mundo diverso, 2007:
- Information found: t.p. (Berta Madrigal)
670 ## - SOURCE DATA FOUND
- Source citation: Univ. de Guadalajara WWW site, Dec. 16, 2013
- Information found: (Berta Ermila Madrigal Torres; lines of research: administration of human capital and entrepreneurial leadership; Centro Universitario de Ciencias Económico Administrativas; Zapopan, Jalisco; area of knowledge: social sciences)